Statistics for Airport Codes

Click here to take the quiz!

General Stats

  • This quiz has been taken 15 times
  • The average score is 5 of 15

Answer Stats

HintAnswer% Correct
VIEVienna
100%
DFWDallas Fort Worth
80%
CDGParis
80%
FLLFort Lauderdale
67%
INNInnsbruck
67%
CBRCanberra
33%
DSSDakar
27%
HERHeraklion
27%
NOUNoumea
20%
JTRSantorini
20%
WAWWarsaw Choppin
20%
GZPGazipasa / Alanya
0%
LUALukla
0%
TRFOslo Torf
0%
JSISkiathos
0%

Score Distribution

Percentile by Number Answered

Percent of People with Each Score

Your Score History

You have not taken this quiz